Logo BPK

Biblioteka

Politechniki Koszalińskiej

20. Międzynarodowe Sympozjum Naukowe Studentów i Młodych Pracowników Nauki = (Rekord nr 38073)

Szczegóły MARC
000 -ETYKIETA REKORDU
podpole kontrolne o stałej długości 01071nam a2200253 i 4500
001 - NUMER KONTROLNY REKORDU
pole kontrolne bg
020 ## - MIĘDZYNARODOWY ZNORMALIZOWANY NUMER KSIĄŻKI - ISBN
ISBN 838591160X
040 ## - ŹRÓDŁO KATALOGOWANIA
Instytucja, która utworzyła rekord BPK
041 0# - KOD JĘZYKA
Kod języka tekstu plen
Kod języka streszczenia lub abstraktu en
080 ## - UNIWERSALNA KLASYFIKACJA DZIESIĘTNA - UKD
UKD 531/534:621](061)
920 ## - Międzynarodowy znormalizowany numer książki – ISBN
ISBN 83-85911-60-X
008 - POLE O STAŁEJ DŁUGOŚCI - DANE KONTROLNE
podpole kontrolne o stałej długości s pl f |000 0 pol
111 2# - NAZWA IMPREZY
Nazwa imprezy Międzynarodowe Sympozjum Naukowe Studentów i Młodych Pracowników Nauki
Oznaczenie części/sekcji/imprezy (20 ;
Data imprezy 1998 ;
Miejsce imprezy Zielona Góra).
245 10 - TYTUŁ/ODPOWIEDZIALNOŚĆ
Tytuł 20. Międzynarodowe Sympozjum Naukowe Studentów i Młodych Pracowników Nauki =
Ciąg dalszy tytułu 20th International Scientific Symposium of Students and Young Research Workers = = Mechanics : Zielona Góra, maj 1998.
Oznaczenie części/sekcji dzieła T. 4,
Tytuł części/sekcji dzieła Mechanika /
Pozostałe elementy strefy tytułu i oznaczenia odpowiedzialności Politechnika Zielonogórska.
246 11 - WARIANT TYTUŁU
Tytuł International Scientific Symposium of Students and Young Research Workers, 20
260 ## - STREFA ADRESU WYDAWNICZEGO
Miejsce wydania Zielona Góra :
Nazwa wydawcy/dystrybutora PZ,
Data publikacji, dystrybucji/powstania dokumentu 1999.
300 ## - STREFA OPISU FIZYCZNEGO
Objętość 269 s. :
Inne cechy fizyczne fot., rys., wykr. ;
Rozmiary 24 cm.
500 ## - UWAGI OGÓLNE
Tekst uwagi Tekst częśc. ang. - Streszcz. ang. przy ref.
504 ## - UWAGA DOTYCZĄCA BIBLIOGRAFII
Informacje o bibliografii Bibliogr. przy ref.
650 #9 - HASŁO PRZEDMIOTOWE W FORMIE NAZWY OGÓLNEJ LUB JEDNOSTKOWEJ
Nazwa ogólna lub geograficzna Mechanika
655 ## - TERMIN INDEKSOWY - OKREŚLENIE RODZAJU/FORMY DOKUMENTU
Określenie rodzaju/formy dokumentu Materiały konferencyjne
710 #0 - HASŁO DODATKOWE - NAZWA CIAŁA ZBIOROWEGO
Nazwa ciała zbiorowego lub jednostki geograficznej Politechnika Zielonogórska
856 ## - LOKALIZACJA I DOSTĘP DO ELEKTRONICZNYCH DOKUMENTÓW ZDALNYCH
Link (URL) http://koha.tu.koszalin.pl/cgi-bin/koha/opac-detail.pl?biblionumber=38073
Tekst linku Katalog online BPK
942 ## - DODATKOWE ELEMENTY (KOHA)
Typ dokumentu Książka
Egzemplarze
Wycofany Status egzemplarza Uszkodzony Dostępność Lokalizacja stała Lokalizacja bieżąca Miejsce przechowywania Sygnatura Kod kreskowy Typ dokumentu
      Dostępny Biblioteka Politechniki Koszalińskiej Biblioteka Politechniki Koszalińskiej Wypożyczalnia BG 54599 01505016 Książka
© 2023 Biblioteka Politechniki Koszalińskiej :: KOHA